Normal view
MARC view
- التنفيذ الجبري -- قوانين وتشريعات -- مصر-- قانون المرافعات -- مصر-- تنفيذ الأحكام -- مصر-- القانون المدني -- مصر-- القانون التجاري -- مصر
Entry Topical Term
001 - CONTROL NUMBER
- control field: 47067
003 - CONTROL NUMBER IDENTIFIER
- control field: JO-AjAnu
005 - DATE AND TIME OF LATEST TRANSACTION
- control field: 20230606081756.0
008 - FIXED-LENGTH DATA ELEMENTS
- fixed length control field: 230606|| aca||aabn | a|a d
040 ## - CATALOGING SOURCE
- Original cataloging agency: JO-AjAnu
- Transcribing agency: JO-AjAnu
150 ## - HEADING--TOPICAL TERM
- Topical term or geographic name entry element: التنفيذ الجبري -- قوانين وتشريعات -- مصر-- قانون المرافعات -- مصر-- تنفيذ الأحكام -- مصر-- القانون المدني -- مصر-- القانون التجاري -- مصر
670 ## - SOURCE DATA FOUND
- Source citation: Work cat.: (JO-AjAnu)24088: والي، فتحي, author 47066, التنفيذ الجبري وفقا لمجموعة المرافعات المدنية والتجارية وقانون الحجز الادارى